|
|
|
|
| LEADER |
01391nam a2200325 a 4500 |
| 001 |
0020424 |
| 003 |
BD-DhAAL |
| 008 |
100610s2010 si a b 001 0 eng d |
| 010 |
|
|
|a \\2004268992
|
| 020 |
|
|
|a 9789814241083
|
| 020 |
|
|
|a 9814241083
|
| 040 |
|
|
|a AU-PeEL
|c AU-PeEL
|d AU-PeEL
|d BD-DhAAL
|
| 082 |
0 |
0 |
|a 620.5
|2 22
|
| 100 |
1 |
|
|a Schwierz, Frank.
|9 58975
|
| 245 |
0 |
0 |
|a Nanometer CMOS /
|c Frank Schwierz, Hei Wong, Juin J. Liou.
|
| 260 |
|
|
|a Singapore :
|b Pan Stanford Publishing,
|c c2010.
|
| 300 |
|
|
|a ix, 340 p. :
|b ill. ;
|c 24 cm
|
| 504 |
|
|
|a Includes bibliographical references and index.
|
| 526 |
|
|
|a EEE
|
| 541 |
1 |
|
|e 0020424
|a Trim Education
|
| 650 |
|
0 |
|a Nanotechnology.
|9 3338
|
| 650 |
|
0 |
|a Metal oxide semiconductors.
|
| 650 |
|
0 |
|a Metal oxide semiconductor field-effect transistors.
|9 58976
|
| 700 |
1 |
|
|a Wong, Hei.
|9 58977
|
| 700 |
1 |
|
|a Liou, Juin J.
|9 58978
|
| 852 |
4 |
|
|a Ayesha Abed Library
|c General Stacks
|
| 942 |
|
|
|2 ddc
|c BK
|
| 999 |
|
|
|c 8886
|d 8886
|
| 952 |
|
|
|0 0
|1 0
|2 ddc
|4 0
|6 620_500000000000000_SCH_2010
|7 0
|9 10859
|a BRACUL
|b BRACUL
|c GEN
|d 2010-06-10
|e Trim Education
|g 13990.00
|l 1
|m 7
|o 620.5 SCH
|p 3010020424
|r 2016-08-10
|s 2014-10-13
|t 1
|v 27980.00
|w 2010-06-10
|y BK
|
| 952 |
|
|
|0 0
|1 0
|2 ddc
|4 0
|6 620_500000000000000_SCH_2010
|7 0
|9 10860
|a BRACUL
|b BRACUL
|c GEN
|d 2010-06-10
|e Trim Education
|g 13990.00
|l 1
|m 4
|o 620.5 SCH
|p 3010020425
|r 2016-07-25
|s 2015-01-13
|t 2
|v 27980.00
|w 2010-06-10
|y BK
|